| 000 | 00631nam a2200205 4500 | ||
|---|---|---|---|
| 008 | 020709s1992 enk eng | ||
| 020 | _a0862016495 | ||
| 090 |
_aBS600.2 _bL63tmj |
||
| 100 | 1 | _aFord, Leighton | |
| 245 | 1 | 0 |
_aMeeting Jesus / _cLeighton Ford. |
| 260 |
_aLondon : _bScripture Union, _cc1992, c1993. |
||
| 300 | _a79 p. | ||
| 490 | 1 | _aA lifebuider Bible study | |
| 650 | 4 | _aBible study. | |
| 650 | 4 |
_aJesus Christ _xCharacter. |
|
| 650 | 4 |
_aJesus Christ _xPerson and offices. |
|
| 650 | 4 |
_aJesus Christ _xTeachings. |
|
| 951 |
_p14498 _x00003291 _oBS600.2/L63tmj _j070613111134125 _d2000-12-21 _cGC |
||
| 999 |
_c12298 _d12298 |
||